Rappeurs français - Statistiques

Statistiques générales
  • Ce quiz a été pris 625 fois
  • Le résultat moyen est 48 sur 110
Statistiques - réponses
Hint Réponse % Correct
Feu Nekfeu
89%
Ipséité Damso
88%
Dans la légende Pnl
87%
Commando Niska
86%
Temps mort Booba
85%
Comme prévu Ninho
83%
Mwaka Moon Kalash
82%
Rooftop Sch
82%
En esprit Heuss L'Enfoiré
81%
Rien 100 rien Jul
80%
Mental Plk
80%
Projet Blue Beam Freeze Corleone
79%
Okou Gnakouri Kaaris
77%
Mélo Tiakola
76%
Liens du 100 SDM
71%
Paradise Hamza
70%
Cicatrices Zola
70%
KMT Gazo
69%
Réelle vie 2.0 Maes
69%
Civilisation Orelsan
69%
Xeu Vald
66%
L'homme au bob Gradur
65%
Trinity Laylow
65%
Akimbo Ziak
65%
Coco Jojo Guy2Bezbar
63%
L'affranchi Koba La D
63%
100 visages Leto
63%
On est fait pour ça Naps
63%
Taciturne Dinos
62%
Cité Blanche Larry
62%
Gros bébé Naza
60%
Big Daddy Jok Jok'air
59%
Bendero Moha La Squale
59%
UMLA Alpha Wann
58%
Corleone Lacrim
58%
Jeannine Lomepal
58%
Affranchis Sofiane
58%
Sélection Naturelle Kalash Criminel
57%
Lunette 2 ski Dinor
54%
Rêves de gosse RK
54%
Foufoune palace Luidji
53%
Split Josman
52%
Adios Bahamas Nepal
52%
Gentleman 2.0 Dadju
51%
MVP Mister V
51%
Architecte Da Uzi
50%
Heartbreak Life Kaza
50%
ERRR La fève
49%
Mistral Soso Maness
48%
Dans ma bulle Diams
47%
Ombre est lumière IAM
46%
Caliente Timal
46%
Rien à branler Lorenzo
45%
BLO 13 block
44%
Nique le casino Sadek
43%
Carré Werenoi
43%
La fierté des nôtres Rohff
42%
Coeur abimé Uzi
40%
Mafana Oboy
39%
Sale môme Niro
38%
Avenue de St Antoine Alonzo
37%
Yuri Dosseh
37%
Melancholia 999 Green Montana
36%
3 du mat Lefa
35%
Fissure de vie So La Lune
35%
Mutant Rim'K
34%
Garçon Luther
33%
Fruit du démon Soolking
33%
Spleen Djadja & Dinaz
32%
XIX Mhd
32%
Dans les mains ZKR
32%
Couleur de ma peine Zamdane
31%
Arrêtez-le ! 1pliké140
29%
Enfant 2 La Rue Sasso
29%
Vie d'artiste 4keus
28%
Présumé coupable Mister You
28%
La hass avant le bonheur DTF
27%
Confiance Kerchak
27%
Paris sous les bombes Suprême NTM
26%
Into the dark Menace Santana
25%
Vol 169 Bolemvn
24%
Amicalement vôtre Guizmo
24%
Nuit Jazzy Bazz
24%
Wesh Enfoiré Lesram
24%
Sayonara MMZ
24%
Vérité ISK
23%
A l'ombre du show business Kery James
23%
Vingt-deux Ashe 22
22%
L'Amour Disiz
22%
Assa Baing Landy
22%
Nouvo mode Sneazzy
22%
OG San Deen Burbigo
21%
Confidences YL
18%
Etat d'esprit S Pri Noir
17%
Fleur froide Tayc
17%
Neptune terminus Youssoupha
17%
Dans les yeux Hornet la Frappe
16%
Indécis GLK
14%
Dracarys Benab
13%
Larosh Captaine Roshi
13%
Pilote Doums
13%
Athanor Django
12%
La folie des grandeurs Houdi
12%
Ategban Vegedream
11%
Intégral Nahir
10%
Prémices Bramsito
9%
Jeune et ambitieux Zikxo
9%
Renaissance Remy
8%
Special Siboy
8%
D’où je viens Mac Tyer
7%
Aucun quiz correspondant
Distribution des résultats
% des personnes avec chaque résultat
Percentile par nombre de réponses
Votre historique - résultats
Vous n’avez pas pris ce quiz